[Event "23rd ETCC Open 2021"]
[Site "Catez"]
[Date "2021.11.16"]
[Round "5.4"]
[White "Esipenko, Andrey"]
[Black "Guseinov, Gadir"]
[Result "1/2-1/2"]
[WhiteElo "2713"]
[BlackElo "2665"]
[Annotator "TA"]
[PlyCount "61"]
[EventDate "2021.11.08"]
[EventType "team-tourn"]
[EventCountry "SLO"]
[SourceTitle "playchess.com"]
[Source "ChessBase"]
[SourceQuality "1"]
[WhiteTeam "Russia"]
[BlackTeam "Azerbaijan"]
[WhiteTeamCountry "RUS"]
[BlackTeamCountry "AZE"]

{[%evp 21,61,20,30,18,32,1,22,22,22,0,20,22,14,16,49,57,52,14,16,16,13,13,10,5,
9,17,20,1,9,8,17,7,16,0,0,0,0,0,0,0,0,0]} 1. e4 c5 2. Nf3 d6 3. Bb5+ Bd7 4.
Bxd7+ Qxd7 5. c4 Nf6 6. Nc3 g6 7. d4 cxd4 8. Nxd4 Bg7 9. f3 O-O 10. Be3 Nc6 11.
O-O a6 12. Qd3 $1 {[%mdl 4] is now more promising than 12.a4. B52: Sicilian:
Moscow Variation with 3...Bd7.} Rab8 13. a4 {[#]} Qc7 $146 ({Predecessor:} 
13... Rfd8 14. Rfd1 e6 15. Qe2 Qe8 16. Rac1 d5 17. Nxc6 bxc6 18. e5 Nd7 19. f4
Bh6 {1/2-1/2 (52) Fecker,N (2309)-Stijve,T (2263) Flims 2021}) 14. b3 e6 15.
Rac1 Qa5 16. Rfd1 Rfd8 17. Qd2 d5 18. cxd5 exd5 19. exd5 Nxd5 {The position is
equal.} 20. Nxc6 bxc6 21. Nxd5 Qxd5 22. Qxd5 cxd5 23. Rd3 d4 24. Bf2 h5 25. Kf1
Rdc8 26. Rxc8+ Rxc8 27. Ke2 ({Don't blunder} 27. Bxd4 $2 Rd8 $19) 27... Rc2+
28. Rd2 Rc3 29. Rd3 Rc2+ $1 30. Rd2 Rc3 31. Rd3 {Weighted Error Value: White=0.
08/Black=0.07} 1/2-1/2

[Event "23rd ETCC Open 2021"]
[Site "Catez"]
[Date "2021.11.16"]
[Round "5.5"]
[White "Shirov, Alexei"]
[Black "Erdos, Viktor"]
[Result "1-0"]
[WhiteElo "2673"]
[BlackElo "2615"]
[Annotator "TA"]
[PlyCount "91"]
[EventDate "2021.11.08"]
[EventType "team-tourn"]
[EventCountry "SLO"]
[SourceTitle "playchess.com"]
[Source "ChessBase"]
[SourceQuality "1"]
[WhiteTeam "Spain"]
[BlackTeam "Hungary"]
[WhiteTeamCountry "ESP"]
[BlackTeamCountry "HUN"]

{[%evp 23,91,0,27,15,39,6,15,6,22,27,21,27,27,16,38,32,94,80,114,107,100,60,43,
67,156,16,14,21,23,25,13,26,24,18,18,21,17,15,22,2,7,9,15,9,105,116,194,167,
313,331,328,325,301,274,409,406,626,602,5920,1371,12840,12839,12838,5420,12841,
12841,29988,29989,29991,29992]} 1. e4 e5 2. Nf3 Nc6 3. Bb5 a6 4. Ba4 Nf6 5. O-O
Be7 6. Re1 b5 7. Bb3 d6 8. c3 O-O 9. h3 Re8 10. d4 Bb7 11. Ng5 Rf8 12. Nf3 Re8
13. a3 {13.Bc2 is the modern continuation. C92: Closed Ruy Lopez: 9...Be6,
Karpov and Flohr-Zaitsev Variations.} h6 14. Ba2 $5 {[%mdl 4] Exploring less
charted territory.} Bf8 15. d5 {[#] The position is equal.} Nb8 $146 ({
Predecessor:} 15... Ne7 16. b3 c5 17. c4 bxc4 18. bxc4 Ng6 19. Bb3 Bc8 20. Ba4
Bd7 21. Nc3 Rb8 22. Bd2 Nh5 23. g3 Re7 {0-1 (49) Firouzja,A (2759)-Le,Q (2709)
chess24.com INT 2021}) 16. c4 c6 17. Nc3 {[%cal Bb1c3,Bc3d5,Bd5f6][%mdl 32]}
bxc4 18. dxc6 Bxc6 19. Bxc4 Qc7 (19... Nbd7 $14) 20. Nh4 $16 Bd7 {[#]} 21. Nd5
$1 {[%cal Rd5c7]} Qxc4 22. Nxf6+ gxf6 23. Qh5 f5 (23... Kh7 $1 $14) 24. Bxh6 (
24. exf5 $16 {Hoping for Re3.} Kh7 25. Rd1) 24... Bxh6 $11 (24... fxe4 $2 25.
Qg5+ Kh7 26. Bxf8 $18) 25. Qxh6 f4 {White should prevent ...Qe6.} ({Not} 25...
fxe4 $2 26. Re3 $18) 26. Nf5 Bxf5 27. exf5 {Intending f6 and mate.} f6 $1 28.
Qg6+ $40 {[%mdl 192] Double Attack. White attacks.} Kf8 {...Qf7 is the strong
threat.} 29. Qxf6+ {[%mdl 64] Double Attack} Qf7 30. Qxd6+ Qe7 $1 {[%cal Re7d6]
} 31. Rad1 {aiming for Qh6+.} (31. Qh6+ {seems wilder.} Qg7 32. Qb6 Nd7 33. Qc6
Rec8 34. Qb7) 31... Qxd6 32. Rxd6 Ra7 33. g4 Rh7 (33... fxg3 $11 34. fxg3 a5)
34. Kg2 $16 {[%mdl 1024] White has strong compensation.} Nd7 {[#]} (34... Rhe7
$16 {was necessary.} 35. h4 e4 36. Rf6+ Kg8) 35. b4 $1 $18 (35. Rxa6 $6 Nc5 $14
) 35... Rc8 (35... Nb8 $142 36. Rf6+ Kg7 37. Rg6+ Kf8 38. Rf6+ Kg7 39. Rg6+ Kf8
) 36. Red1 (36. Rxa6 Rc3 $16) 36... Rc7 37. g5 ({Much less strong is} 37. Rxa6
$6 e4 $18) 37... e4 {[#] intending ...Ne5.} 38. g6 $1 {[%cal Rg6h7]} (38. Rxa6
Rh5 $11) 38... Rg7 (38... Re7 $142 39. f6 (39. Rxa6 Re5 $14) 39... Nxf6 {
[%mdl 64] Remove Defender}) 39. h4 Ne5 (39... Re7 $142 40. f6 Nxf6) 40. h5 Nd3
41. h6 {Threatens to win with Rd8+.} Rgd7 42. Rxd7 Rxd7 43. h7 (43. f6 $142 f3+
44. Kg3) 43... Kg7 44. f6+ Kh8 45. Rh1 f3+ 46. Kg3 {Weighted Error Value:
White=0.08/Black=0.58} 1-0

[Event "23rd ETCC Open 2021"]
[Site "Catez"]
[Date "2021.11.16"]
[Round "5.6"]
[White "Berkes, Ferenc"]
[Black "Anton Guijarro, David"]
[Result "1/2-1/2"]
[WhiteElo "2676"]
[BlackElo "2669"]
[Annotator "TA"]
[PlyCount "150"]
[EventDate "2021.11.08"]
[EventType "team-tourn"]
[EventCountry "SLO"]
[SourceTitle "playchess.com"]
[Source "ChessBase"]
[SourceQuality "1"]
[WhiteTeam "Hungary"]
[BlackTeam "Spain"]
[WhiteTeamCountry "HUN"]
[BlackTeamCountry "ESP"]

{[%evp 9,150,0,10,4,7,4,7,0,0,0,0,0,0,-10,0,0,0,0,0,0,4,0,17,0,0,0,0,-11,0,0,0,
-8,0,0,0,0,0,0,0,0,0,0,0,0,0,0,8,8,11,10,12,0,0,0,0,-8,0,-28,-28,-49,-22,-68,
-68,-68,-68,-77,-43,-43,-43,-69,0,-34,-34,-34,-12,-12,-12,-12,-12,-12,-12,-12,
-12,-12,-12,-12,-12,-12,-12,-12,-12,-12,-12,-12,-12,-12,-12,-12,-12,-12,-12,
-12,-12,-12,-12,-23,-12,-12,-12,-23,-12,-12,-12,-12,-12,-12,-12,-12,-12,-12,
-12,-22,-12,-12,-12,-23,-23,-52,-8,-19,-8,-8,-8,-8,0,0,0,0,0,0,0,0,0]} 1. d4 d5
2. Nf3 e6 3. Bf4 Bd6 4. e3 Nf6 5. Nbd2 O-O 6. Bd3 {D02: 1 d4 d5 2 Nf3
sidelines, including 2...Nf6 3 g3 and 2...Nf6 3 Bf4.} Bxf4 7. exf4 b6 8. Qe2 c5
9. c3 a5 10. O-O Ba6 11. Rfe1 Bxd3 12. Qxd3 Nc6 13. f5 exf5 14. Qxf5 {[#]} cxd4
$146 ({Predecessor:} 14... Qd7 15. Qf4 Rfe8 16. dxc5 bxc5 17. Nb3 Ne4 18. Rad1
a4 19. Nc1 Rad8 20. c4 Nf6 21. Rxe8+ Qxe8 22. cxd5 {1/2-1/2 (67) Tang,A (2538)
-Bjerre,J (2553) Chess.com INT 2020}) 15. cxd4 Qc8 (15... Rc8 {is more complex.
} 16. a3 Ne7 17. Qd3 g6 18. Nf1 Nf5) 16. Qxc8 Rfxc8 17. a3 a4 18. Rac1 Na5 19.
Ne5 b5 20. Nd3 Rxc1 21. Rxc1 Ne4 22. Nb1 Nb3 {[%mdl 64] [#] Double Attack} 23.
Rd1 f6 24. f3 Nd6 25. Nc3 Rd8 26. Kf2 Kf7 27. g4 g5 28. h4 gxh4 29. Rh1 h5 30.
Rxh4 hxg4 31. Rxg4 Rh8 32. Nxd5 Nf5 33. Nc5 Nbxd4 {Strongly threatening ...Rc8.
} 34. Ne4 Rh3 35. Nexf6 Rxf3+ 36. Ke1 Rb3 37. Rg2 Ke6 {aiming for ...Nd6.} 38.
Kd1 Rd3+ 39. Rd2 Rb3 ({Black should try} 39... Rf3 $1 $15 40. Ke1 Ke5) 40. Kc1
(40. Rg2 {looks sharper.}) 40... Rf3 41. Rd1 Nb3+ 42. Kb1 Nfd4 43. Re1+ Kd6 44.
Rd1 Rf5 45. Nc3 Rxf6 46. Ne4+ Ke5 47. Nxf6 Kxf6 48. Re1 Kf5 49. Re7 Kf4 50. Re8
Kf3 51. Re7 Nd2+ 52. Kc1 Ne4 53. Rh7 Ke3 54. Rh3+ Ke2 55. Rh2+ Kd3 56. Rh3+ Kc4
57. Rh4 Ng5 58. Rh5 Ngf3 (58... Ne2+ {is interesting.} 59. Kd1 Ne6 60. Rh3 N2f4
61. Rg3 Nd3) 59. Rh3 Kd3 60. Kd1 Ke4 61. Rh5 Ke3 62. Rc5 Kd3 63. Rc3+ Ke4 64.
Rc8 Kd5 65. Kc1 Ke5 66. Re8+ Kd6 67. Rd8+ Kc5 68. Rc8+ Nc6 69. Kc2 {The
position is equal.} Nfe5 70. b3 Nd7 71. bxa4 bxa4 72. Kd3 Nb6 73. Rc7 Nd5 74.
Rc8 Nb6 75. Rc7 Nd5 {Weighted Error Value: White=0.04/Black=0.04} 1/2-1/2

[Event "23rd ETCC Open 2021"]
[Site "Catez"]
[Date "2021.11.16"]
[Round "5.7"]
[White "Santos Latasa, Jaime"]
[Black "Gledura, Benjamin"]
[Result "0-1"]
[WhiteElo "2633"]
[BlackElo "2635"]
[Annotator "TA"]
[PlyCount "136"]
[EventDate "2021.11.08"]
[EventType "team-tourn"]
[EventCountry "SLO"]
[SourceTitle "playchess.com"]
[Source "ChessBase"]
[SourceQuality "1"]
[WhiteTeam "Spain"]
[BlackTeam "Hungary"]
[WhiteTeamCountry "ESP"]
[BlackTeamCountry "HUN"]

{[%evp 18,136,36,17,65,10,8,0,0,0,20,0,0,0,12,28,28,25,22,-125,-133,-133,-133,
-114,-122,-118,-112,-135,-118,-120,-86,-89,-81,-160,-169,-165,-160,-162,-52,
-48,-30,-51,-33,-41,-46,-42,-38,-72,0,-23,0,0,0,-26,0,0,0,0,0,0,0,0,0,0,0,0,0,
0,0,-31,-38,-86,-72,-123,-68,-93,0,0,0,0,0,0,0,0,0,-12841,-12841,-12841,-12842,
-12842,-12843,-12843,-12841,-12841,-12837,-12841,-12835,-1970,0,-12840,0,
-12841,-12841,-12842,-12843,-12843,-12843,-12844,-12844,-12845,-12841,-12845,
-12846,-12847,-12846,-12848,-12848,-12849,0,-12850,-12850]} 1. e4 e5 2. Nf3 Nf6
3. Nxe5 d6 4. Nf3 Nxe4 5. d4 d5 6. Bd3 Bd6 7. O-O O-O 8. c4 c6 9. Re1 Bf5 10.
Qb3 Qd7 {The modern move. C42: Petroff Defence: 3 Nxe5 and unusual White 3rd
moves.} 11. c5 ({Better is} 11. Nc3 $14) 11... Bc7 $11 12. Nbd2 {[%cal Rd2e4]}
Re8 {The position is equal.} 13. Nh4 Be6 14. Qc2 {[#]} f5 $146 ({Predecessor:} 
14... Na6 15. a3 f5 16. Nhf3 Qe7 17. b4 Nb8 18. Ne5 Nd7 19. Ndf3 Nxe5 20. Nxe5
a5 {0-1 (69) Satosuo,R (2015)-Freire,D (2043) ICCF email 2014}) 15. f3 Qd8 16.
g3 Nxg3 17. hxg3 Bxg3 {[%mdl 64] [#] Double Attack} 18. Ng2 (18. Rxe6 $1 $11
Rxe6 19. Nxf5) 18... Bxe1 $17 19. Nxe1 Qh4 $1 $36 {[%cal Rh4e1][%mdl 2112]
Double Attack. Black is on the roll.} 20. Ng2 Qxd4+ 21. Kf1 Nd7 22. Nb3 Qf6 23.
Be3 Re7 24. Bd4 Qh6 25. Kf2 (25. Qf2 $142) 25... f4 26. Qc1 Rf8 {And now ...
Bf5 would win.} 27. Qh1 {White wants to play Qxh6.} Qxh1 (27... Bh3 $1 $19 {
Strongly threatening ...Ne5.} 28. Re1 Rxe1 29. Kxe1 Qh5) 28. Rxh1 $15 Bf5 29.
Nxf4 Ne5 (29... Bxd3 {keeps more tension.} 30. Nxd3 Rf5 31. Rg1 h6 32. Bc3 Nf6)
30. Bxf5 Rxf5 31. Bxe5 Rexe5 32. Ne2 g5 (32... g6 $17) 33. Rg1 (33. Nbd4 $5 {
[%cal Rd4f5]}) 33... Kh8 34. Nbd4 Rf6 35. b4 a6 36. a4 h5 37. b5 axb5 38. axb5
cxb5 39. Rb1 g4 40. Rxb5 Rf7 41. Rb6 Kh7 42. Rb1 h4 43. Rg1 Re4 44. Rh1 Kg6 45.
Rd1 ({White should try} 45. Rg1) 45... Kg5 ({Black should play} 45... h3 $17
46. f4 Rf8) 46. f4+ Rfxf4+ (46... Kh6 $17 47. Rb1 Rxd4 $1 {[%mdl 64] Decoy} 48.
Nxd4 Rxf4+ {[%mdl 64] Double Attack} 49. Ke3 Re4+ 50. Kd3 h3) 47. Nxf4 $11
Rxf4+ $17 {[%mdl 4096] Endgame KRN-KR} (47... Kxf4 {feels hotter.} 48. Kg2 Re5
49. c6 bxc6 50. Nxc6 Re2+) 48. Kg2 {Black must now prevent Ne6+.} Re4 (48...
Rf6 {is more complex.} 49. Ne2 Rf3 50. Rxd5+ Kf6 51. Rh5 h3+) 49. c6 bxc6 50.
Nxc6 h3+ 51. Kf1 $2 {[%mdl 8192] [#] Black converts the advantage convincingly.
} (51. Kh1 $11) 51... Kh4 $1 $19 52. Nd4 g3 53. Kg1 Kg4 54. Kh1 Re3 55. Kg1 Kf4
56. Kf1 Ke5 57. Kg1 Kf4 (57... Ke4 $142 58. Nb5 Ke5) 58. Kf1 $1 Kg4 59. Kg1 Re5
60. Kf1 Re4 61. Kg1 h2+ 62. Kg2 Rf4 63. Ne6 Rf2+ 64. Kh1 Rf6 65. Re1 Rf5 66.
Kg2 Rf2+ 67. Kh1 g2+ 68. Kxh2 Rf1 {[%csl Gf1][%cal Rg2g1] Weighted Error Value:
White=0.28/Black=0.32} 0-1

[Event "23rd ETCC Open 2021"]
[Site "Catez"]
[Date "2021.11.16"]
[Round "5.9"]
[White "Sargissian, Gabriel"]
[Black "Firouzja, Alireza"]
[Result "0-1"]
[WhiteElo "2664"]
[BlackElo "2770"]
[Annotator "TA"]
[PlyCount "110"]
[EventDate "2021.11.08"]
[EventType "team-tourn"]
[EventCountry "SLO"]
[SourceTitle "playchess.com"]
[Source "ChessBase"]
[SourceQuality "1"]
[WhiteTeam "Armenia"]
[BlackTeam "France"]
[WhiteTeamCountry "ARM"]
[BlackTeamCountry "FRA"]

{[%evp 23,110,12,25,5,1,3,1,13,8,11,14,0,29,0,0,0,0,0,0,0,0,0,0,-4,-31,-47,-19,
-45,-40,-56,-29,-28,-23,-117,-104,-155,-154,-206,-116,-170,-169,-152,-104,-111,
-105,-99,-96,-142,-144,-197,-189,-184,-202,-181,-168,-200,-155,-152,-123,-214,
-219,-200,-191,-345,-337,-418,-418,-732,-479,-477,-469,-465,-465,-495,-460,
-642,-646,-646,-640,-625,-600,-538,-521,-499,-480,-480,-473,-391,-381]} 1. d4
d5 2. c4 c6 3. Nf3 Nf6 4. Nc3 dxc4 5. a4 Bf5 6. e3 e6 7. Bxc4 Bb4 8. O-O O-O 9.
Qe2 Bg6 10. Ne5 Nbd7 11. Nxg6 hxg6 12. Rd1 Qc7 $1 {[%mdl 4] is recently more
successful than 12...Qa5.} 13. e4 {D19: Slav Defence: 5 a4 Bf5 6 e3: Main line
with 9 Qe2.} e5 14. d5 Bxc3 $5 {[%mdl 4] A promising side line.} 15. d6 {
The position is equal.} Qa5 {...Bd4 is the strong threat.} 16. bxc3 b5 17. Ba2
bxa4 {[#]} 18. Ba3 $146 ({Predecessor:} 18. Bg5 Nc5 19. f3 Rab8 20. Qc4 Nb3 21.
Bxb3 Qb6+ 22. Kf1 axb3 23. Ra6 Qb7 24. Rxc6 {1/2-1/2 (54) Lekic,D (2433)
-Anurag,M (2405) Anogia 2014}) 18... Qxc3 19. f3 Rab8 20. Rdc1 Qd4+ 21. Kh1 c5
22. Rd1 Qc3 23. Rdc1 Qa5 24. Rd1 Qb5 25. Bc4 Qc6 26. Rac1 Rb6 27. Qf2 Qc8 28.
Qg3 (28. h3 $11) 28... Qb8 $17 29. Ba2 ({White should try} 29. Qf2) 29... Rxd6
30. Qxg6 (30. Qe1 $17 {was necessary.}) 30... Rxd1+ 31. Rxd1 Qb5 32. Qg5 Qe2 {
[%cal Re2d1]} 33. Qd2 Qxd2 34. Rxd2 Rc8 $1 35. Kg1 c4 36. Rc2 (36. Rb2 $17)
36... Nb6 $19 37. Kf2 Nfd7 38. Ke3 Nc5 39. Bb2 Nd3 {aiming for ...Nb4.} 40. Bc3
a3 41. Bd2 (41. Bxc4 $17 Nf4 42. Bb3) 41... Rc5 42. Ke2 Nf4+ 43. Kf1 $2 (43.
Kd1 {was called for.}) 43... Rb5 $1 44. Bc1 {[#]} Rb3 45. Rxc4 (45. Rd2 $142
Kh7 46. Rc2 (46. Bxb3 $2 cxb3 47. Bxa3 Nc4 $19 {[%mdl 64] Double Attack}))
45... Nxc4 46. Bxb3 {[%mdl 4096] Endgame [#] KBB-KNN} Nd3 $1 47. Bg5 {[#]} Na5
{[%cal Ra5b3]} 48. Ba2 Nb4 49. Bd2 Nxa2 50. Bxa5 {KB-KN} Nc1 51. Bc3 {
intending Ke1.} a2 52. Bxe5 Nb3 53. Ke2 a1=Q 54. Bxa1 Nxa1 55. Kd3 {With the
idea Kc3.} Nb3 {Weighted Error Value: White=0.30/Black=0.11} 0-1

[Event "23rd ETCC Open 2021"]
[Site "Catez"]
[Date "2021.11.16"]
[Round "5.10"]
[White "Vachier-Lagrave, Maxime"]
[Black "Martirosyan, Haik M."]
[Result "1/2-1/2"]
[WhiteElo "2766"]
[BlackElo "2624"]
[Annotator "TA"]
[PlyCount "53"]
[EventDate "2021.11.08"]
[EventType "team-tourn"]
[EventCountry "SLO"]
[SourceTitle "playchess.com"]
[Source "ChessBase"]
[SourceQuality "1"]
[WhiteTeam "France"]
[BlackTeam "Armenia"]
[WhiteTeamCountry "FRA"]
[BlackTeamCountry "ARM"]

{[%evp 18,53,3,8,25,4,11,10,19,12,33,4,19,15,14,14,14,15,15,12,12,7,11,0,0,0,
24,21,22,7,15,0,0,0,6,0,0,0]} 1. e4 e5 2. Nf3 Nc6 3. Bb5 Nf6 4. O-O Nxe4 5. d4
Nd6 6. Bxc6 dxc6 7. dxe5 Nf5 8. Qxd8+ Kxd8 9. h3 Ke8 {9...Bd7 might become the
main line.} 10. Nc3 {[%cal Bb1c3,Bc3e2,Be2d4][%mdl 32]} h5 {C67: Ruy Lopez:
Berlin Defence: 4 0-0 Nxe4.} 11. Bf4 Be7 12. Rad1 Nh4 13. Nd4 Nf5 14. Nce2 (14.
Nde2 {looks sharper.} b6 15. Rfe1 Be6 16. b3 Rd8 17. Ne4) 14... Nxd4 15. Nxd4
g5 16. Bh2 Rh6 17. f4 gxf4 18. Bxf4 Rg6 {next ...Bxh3 is good for Black.} 19.
Kh2 Bd7 20. Be3 {[#]} Rd8 $146 ({Predecessor:} 20... a5 21. Rd2 a4 22. c4 Rd8
23. Rdf2 Be6 24. Rc2 c5 25. Nxe6 fxe6 26. Rf3 Rd1 {1/2-1/2 (34) Vriens,H (2084)
-Peetoom,F (2011) ICCF email 2018}) 21. Nf5 Bg5 22. Bxg5 ({Of course not} 22.
Bxa7 b6 $17) 22... Rxg5 {The position is equal.} 23. Nh6 {[%cal Rh6f7]} Rg7 24.
Nf5 Rg5 25. Nh6 {[%cal Rh6f7]} Rg7 26. Nf5 Rg5 27. Nh6 $1 {[%cal Rh6f7] An
uneventful encounter.  Weighted Error Value: White=0.05/Black=0.03} 1/2-1/2

[Event "23rd ETCC Open 2021"]
[Site "Catez"]
[Date "2021.11.16"]
[Round "5.11"]
[White "Hovhannisyan, Robert"]
[Black "Lagarde, Maxime"]
[Result "1-0"]
[WhiteElo "2622"]
[BlackElo "2647"]
[Annotator "TA"]
[PlyCount "173"]
[EventDate "2021.11.08"]
[EventType "team-tourn"]
[EventCountry "SLO"]
[SourceTitle "playchess.com"]
[Source "ChessBase"]
[SourceQuality "1"]
[WhiteTeam "Armenia"]
[BlackTeam "France"]
[WhiteTeamCountry "ARM"]
[BlackTeamCountry "FRA"]

{[%evp 25,173,46,48,18,24,20,42,33,44,44,48,30,67,16,22,19,28,0,22,31,61,43,58,
58,58,58,58,58,102,90,114,114,102,114,114,123,120,69,266,83,252,83,83,83,83,83,
83,83,83,82,82,39,82,39,82,58,58,39,82,82,82,82,82,82,82,82,82,82,82,82,82,82,
82,82,82,82,82,82,82,82,82,82,648,613,604,82,82,82,82,0,0,0,0,0,0,0,8,0,8,0,0,
0,0,0,0,0,8,8,8,8,8,8,12623,12385,576,2375,12833,523,12841,12830,12843,12846,
12842,12850,29937,82,29952,29953,29949,12850,29949,29955,12837,12231,5285,5181,
29958,29958,29972,29973,29973,29972,29972,29971,29973,29975,29975,29976,29976,
29976]} 1. e4 c5 2. Nf3 d6 3. d4 cxd4 4. Nxd4 Nf6 5. Nc3 Nc6 6. Bg5 e6 7. Qd2
a6 8. O-O-O Bd7 9. f4 Be7 10. Nf3 b5 11. Bxf6 gxf6 12. f5 Qb6 13. Kb1 O-O-O 14.
a3 $5 {[%mdl 4] Leaves trodden paths. B69: Sicilian: Richter-Rauzer: 7...a6 8
0-0-0 Bd7 9 f4 Be7 10 Nf3 b5 11 Bxf6.} Kb8 {[#]} 15. Nd4 $146 ({Predecessor:} 
15. g3 Bc8 16. Bh3 Rhe8 17. Rhf1 Bf8 18. Qf4 Na5 19. fxe6 fxe6 20. Qxf6 Qc7 21.
Qg5 Nc4 {1/2-1/2 (49) Barrientos Chavarriaga,S (2477)-Delgado Ramirez,N (2575)
Bogota 2010}) 15... d5 16. exd5 {White is slightly better.} Nxd4 17. Qxd4 Qxd4
18. Rxd4 exd5 19. Rxd5 (19. a4 $14) 19... Bc6 $11 20. Rxd8+ Bxd8 21. Bd3 Re8
22. Rd1 Bb6 23. Be2 Bxg2 24. Rd6 $1 {[%cal Rd6b6]} Kc7 25. Rxf6 Bd4 $1 {
[%cal Rd4f6]} 26. Rxf7+ {[%mdl 64] Double Attack} Kc6 {Hoping for ...Bxc3.} 27.
f6 $1 Bxc3 28. Re7 {[%cal Re7e8]} Rxe7 29. fxe7 Kd7 {aiming for ...Be5.} 30.
bxc3 Kxe7 $16 {[%mdl 4096] Endgame KB-KB} 31. c4 (31. a4 $16) 31... Bc6 $2 (
31... bxc4 $1 $14 32. Bxc4 a5) 32. Kc1 $2 (32. cxb5 $18 axb5 33. Kb2) 32... Kd6
(32... bxc4 $16 {was worth a try.} 33. Bxc4 a5) 33. Kd2 $2 (33. cxb5 $18 {
has better winning chances.} axb5 34. Kd2) 33... bxc4 34. Bxc4 a5 35. Ke3 Ke5
36. Be2 h6 37. h4 Be8 38. Bd3 Bd7 39. Bf1 Be8 40. Ba6 Kd5 41. Bd3 Ke5 42. Bc4
Bg6 43. c3 Be8 44. Bg8 Bb5 45. Bf7 Bc6 46. Kd3 Bb5+ 47. c4 Bc6 48. Bg6 Bd7 49.
Be4 Be6 50. Bb7 Bf7 51. Bf3 Be6 52. c5 Bc8 53. Ke3 Bf5 $2 {[%mdl 8192]} (53...
Be6 $16 54. Bb7 Bh3) 54. Bb7 $1 $18 {[%cal Rb7f3]} Be6 55. Kd3 (55. Kf3 $1 $18
{and the rest is easy.} Bf5 56. Ke3) 55... Bd5 $16 56. Ba6 Bg2 {White must now
prevent ...Bf1+.} 57. Bc4 (57. Kc3 $1 $16) 57... Bc6 $11 58. Bf7 {With the
idea Kc4.} Bb5+ 59. Ke3 Bc6 60. Bc4 Be8 61. Kd3 Bc6 62. Kc3 Ke4 63. Bf7 Bb5 $1
64. Be6 Ke5 $1 {[%cal Re5e6]} 65. Bc4 (65. Bg8 {looks sharper.} Ke4 66. Be6)
65... Bc6 66. Kd3 Be4+ 67. Ke3 Bc6 $1 68. Bf7 Kf6 $2 {[%mdl 8192] Black is on
the road to losing.} (68... Bb5 $11) 69. Bh5 $1 $18 {[%cal Rh5f3]} Ke5 70. Bf3
Be8 71. Ba8 (71. Bb7 $142 Bg6 72. Bf3) 71... Ba4 72. Bb7 Bb3 73. Kf3 $1 {
[%cal Rf3g4]} Be6 74. Kg3 $1 {[%cal Rg3f3]} Bf5 75. Bf3 $2 (75. Bg2 {mates} Bc8
76. Bf3 Bf5 77. Bg2 Bg6 78. Kg4 Ke6 79. Kf4 Bc2 80. Bf3) 75... Be6 $2 {[%mdl
8192]} (75... Bc8 $16 76. c6 Kd6) 76. Bg4 $1 Bb3 77. Bd7 Bf7 78. Kg4 Bg6 {[#]}
79. c6 $1 {[%cal Rc6c7]} Kd6 80. Bf5 Be8 {[#]} 81. Be4 $1 {White mates.} h5+
82. Kg5 Kc7 83. Bg2 Kd6 84. Bf3 Kc7 85. Bxh5 Bxc6 86. Bg6 Kd6 87. Kf6 {
Weighted Error Value: White=0.28/Black=0.34} 1-0

[Event "23rd ETCC Open 2021"]
[Site "Catez"]
[Date "2021.11.16"]
[Round "5.12"]
[White "Moussard, Jules"]
[Black "Ter-Sahakyan, Samvel"]
[Result "0-1"]
[WhiteElo "2632"]
[BlackElo "2615"]
[Annotator "TA"]
[PlyCount "54"]
[EventDate "2021.11.08"]
[EventType "team-tourn"]
[EventCountry "SLO"]
[SourceTitle "playchess.com"]
[Source "ChessBase"]
[SourceQuality "1"]
[WhiteTeam "France"]
[BlackTeam "Armenia"]
[WhiteTeamCountry "FRA"]
[BlackTeamCountry "ARM"]

{[%evp 13,54,23,21,0,14,9,32,35,45,43,50,47,27,30,46,46,62,54,69,83,57,0,63,0,
0,-26,-22,-59,-56,-59,-59,-59,-65,-65,-58,-64,-31,-72,-74,-619,-605,-593,-581]
} 1. e4 c5 2. Nf3 d6 3. d4 cxd4 4. Nxd4 Nf6 5. Nc3 a6 6. Be3 e5 7. Nb3 Be7 8.
h3 {B90: Sicilian Najdorf: Unusual White 6th moves, 6 Be3 Ng4 and 6 Be3 e5.} h6
9. Qd2 Be6 10. O-O-O {White is slightly better.} Nbd7 11. g4 Rc8 12. Kb1 b5 13.
f4 exf4 14. Bxf4 Ne5 15. Nd5 Nxd5 16. exd5 Bd7 {[#]} 17. Bd3 $146 (17. Bxe5 $14
dxe5 18. Qe3) ({Predecessor:} 17. Qg2 Bf6 18. Nd4 O-O 19. Bc1 Re8 20. Bd3 Nc4
21. Nf5 Bxf5 22. Bxf5 Rc7 23. Rhe1 {0-1 (29) Seyb,A (2412)-Safarli,E (2628)
Doha 2014}) 17... Bf6 ({Black should try} 17... Nxd3 $11 18. Qxd3 O-O) 18. Nd4
(18. Qb4 $14 Qb6 19. Qe4) 18... O-O $11 19. Rhf1 Re8 20. Nf3 Nxd3 21. Qxd3 b4 {
[#] Threatens to win with ...Bb5.} 22. Nd4 Rc5 23. Qf3 Bxd4 24. Rxd4 Bb5 25.
Rc1 Qf6 26. Re4 {[%mdl 8192] [#]} ({But not} 26. Rxb4 $2 g5 $19) (26. Qd1 $17)
26... Rxe4 $19 27. Qxe4 Rc4 {Weighted Error Value: White=0.41/Black=0.09} 0-1